000 00495nam a22001697a 4500
999 _c11012
_d11012
003 OSt
005 20190219203323.0
008 181004b ||||| |||| 00| 0 eng d
022 _a2094-8042
082 _aDPer 370.105 M72 Jan-Dec 2011 v59-60
100 _931954
_aMutuc, Garry B.
245 _aParenting styles/
_cGarry B. Mutuc.
260 _aPhilippines:
_bIn the Grade School, Inc.,
_cc2011.
300 _av60 n7, pages 276-277;
_c27cm.
650 0 _931955
_aParenting.
942 _2ddc
_cPER